01124cam0a220021700 4500001001200000003000500012005001700017008004100034035002000075035002200095040000900117100002900126245003600155260002200191490013500213650003000348810045500378949004700833004000700880999001900887tmp15223769UPRA20190826103206.0950718s1954 be fre u a(Sirsi) r105013 a(UPRA)tmp15223769 cUPRA1 aBulck, G. van.6A62003.110aMission linguistique 1949-1951. aBruxelles,c1954.1 aInstitut Royal Colonial Belge. Section des Sciences Morales et Politiques. Memoires. Collection in-8 ;vt. 31, fasc. 5 et dernier 0aBantu languages.6S3923.12 aInstitut royal colonial belge. Section des sciences morales et politiques. Memoires. Collection in-8 ;bInstitut royal colonial belge. Section des sciences morales et politiques. Memoires. Collection in-8 ;tInstitut royal colonial belge. Section des sciences morales et politiques. Memoires. Collection in-8 ;pInstitut royal colonial belge. Section des sciences morales et politiques. Memoires. Collection in-8 ;vt. 31, fasc. 5 et dernier6S5497.1 aDT1.A2wlcci-149195mMAINtBOOKlON-SHELF105013 c165451d165451